000 00797cam a22002653a 4500
001 2650
003 PGUSA
005 20140828083019.0
008 010501s2001||||xxu|||||s|||||000 1 eng d
040 _aPGUSA
_beng
042 _adc
050 4 _aPQ
100 1 _aProust, Marcel,
_d1871-1922
245 1 0 _aDu côté de chez Swann
_h[electronic resource] /
_cMarcel Proust
260 _bProject Gutenberg,
_c2001
500 _aA la recherche du temps perdu, Tome 1
506 _aPublic domain in the USA.
516 _aElectronic text
653 _aFrance -- Social life and customs -- 19th century -- Fiction
653 _aVillages -- Fiction
653 _aAutobiographical fiction
830 0 _aProject Gutenberg
_v2650
856 4 0 _uhttp://www.gutenberg.org/ebooks/2650
942 _cEB
999 _c231983
_d231983